| 000 | 00778cam a2200193 a 4500 | ||
|---|---|---|---|
| 082 | 0 | 0 |
_a005.133 _bNEW _cMCE-L02,P-85 |
| 100 | 1 |
_aNewcomer, Lawrence R. _936727 |
|
| 245 | 1 | 0 |
_aSchaum's outline of theory and problems of programming with advanced structured COBOL with file processing, structured systems development, and interactive considerations / _cLawrence R. Newcomer. |
| 260 |
_aNew York : _bMcGraw-Hill, _cc1987. |
||
| 300 |
_a350 p. : _bill. ; _c28 cm. |
||
| 490 | 0 | _aSchaum's outline series | |
| 500 | _aIncludes index. | ||
| 526 |
_a0 _b0 _c0 _d005_133000000000000_NEW |
||
| 650 | 0 |
_aCOBOL (Computer program language) _936728 |
|
| 650 | 0 |
_aFile processing (Computer science) _936729 |
|
| 650 | 0 |
_aMCE _9379 |
|
| 650 | 0 |
_aStructured programming. _93675 |
|
| 942 |
_2ddc _cBK |
||
| 999 |
_c541712 _d541712 |
||